Score 0/79 Timer 10:00
0 Plays Today
Hint Answer % Correct
People mention in the Christmas story (Matt 1:18-2:12 and Luke 1:5-2:20)Mary
87%
People mention in the Christmas story (Matt 1:18-2:12 and Luke 1:5-2:20)Joseph
85.2%
People mention in the Christmas story (Matt 1:18-2:12 and Luke 1:5-2:20)Jesus
85.2%
What does the angel say to the Shepherds?the
85.2%
What does the angel say to the Shepherds?the
85.2%
What does the angel say to the Shepherds?a
85.2%
What does the angel say to the Shepherds?the
85.2%
What does the angel say to the Shepherds?the
85.2%
Titles/Names used for Jesus in John 1:1-12 and the Christmas narratives (Matt 1:18-2:12 and Luke 1:5-2:20)Jesus
85.2%
What does the angel say to the Shepherds?Be
77.8%
What gifts do the wise men give?Gold
74.1%
Places mention in the Christmas story (Matt 1:18-2:12 and Luke 1:5-2:20)Bethlehem
72.2%
What gifts do the wise men give?Frankincense
72.2%
What gifts do the wise men give?Myrrh
72.2%
What does the angel say to the Shepherds?Do
70.4%
What does the angel say to the Shepherds?he
70.4%
What does the angel say to the Shepherds?I
68.5%
People mention in the Christmas story (Matt 1:18-2:12 and Luke 1:5-2:20)Herod
66.7%
People mention in the Christmas story (Matt 1:18-2:12 and Luke 1:5-2:20)God
64.8%
People mention in the Christmas story (Matt 1:18-2:12 and Luke 1:5-2:20)Wise Men
63%
What does the angel say to the Shepherds?of
61.1%
What does the angel say to the Shepherds?is
61.1%
What does the angel say to the Shepherds?you
59.3%
What does the angel say to the Shepherds?you
59.3%
People mention in the Christmas story (Matt 1:18-2:12 and Luke 1:5-2:20)Shepherds
57.4%
Places mention in the Christmas story (Matt 1:18-2:12 and Luke 1:5-2:20)Nazareth
57.4%
Animals mention in the Christmas story (Matt 1:18-2:12 and Luke 1:5-2:20)Sheep
57.4%
What does the angel say to the Shepherds?Not
57.4%
What does the angel say to the Shepherds?Afraid
57.4%
What does the angel say to the Shepherds?born
57.4%
What does the angel say to the Shepherds?Bring
48.1%
What does the angel say to the Shepherds?in
48.1%
What does the angel say to the Shepherds?Saviour
48.1%
What does the angel say to the Shepherds?to
48.1%
What does the angel say to the Shepherds?Messiah
48.1%
Titles/Names used for Jesus in John 1:1-12 and the Christmas narratives (Matt 1:18-2:12 and Luke 1:5-2:20)Saviour
48.1%
Titles/Names used for Jesus in John 1:1-12 and the Christmas narratives (Matt 1:18-2:12 and Luke 1:5-2:20)The Messiah
48.1%
Titles/Names used for Jesus in John 1:1-12 and the Christmas narratives (Matt 1:18-2:12 and Luke 1:5-2:20)God
48.1%
Places mention in the Christmas story (Matt 1:18-2:12 and Luke 1:5-2:20)Jerusalem
46.3%
What does the angel say to the Shepherds?joy
44.4%
Hint Answer % Correct
What does the angel say to the Shepherds?Lord
44.4%
Titles/Names used for Jesus in John 1:1-12 and the Christmas narratives (Matt 1:18-2:12 and Luke 1:5-2:20)The Lord
44.4%
People mention in the Christmas story (Matt 1:18-2:12 and Luke 1:5-2:20)An angel of the Lord
42.6%
What does the angel say to the Shepherds?news
42.6%
What does the angel say to the Shepherds?great
40.7%
What does the angel say to the Shepherds?good
38.9%
What does the angel say to the Shepherds?for
38.9%
People mention in the Christmas story (Matt 1:18-2:12 and Luke 1:5-2:20)Gabriel
37%
People mention in the Christmas story (Matt 1:18-2:12 and Luke 1:5-2:20)John the Baptist
37%
People mention in the Christmas story (Matt 1:18-2:12 and Luke 1:5-2:20)David
37%
What does the angel say to the Shepherds?David
37%
Places mention in the Christmas story (Matt 1:18-2:12 and Luke 1:5-2:20)Judea
35.2%
People mention in the Christmas story (Matt 1:18-2:12 and Luke 1:5-2:20)Elizabeth
33.3%
What does the angel say to the Shepherds?will
31.5%
What does the angel say to the Shepherds?has
31.5%
What does the angel say to the Shepherds?been
31.5%
Titles/Names used for Jesus in John 1:1-12 and the Christmas narratives (Matt 1:18-2:12 and Luke 1:5-2:20)King of the Jews
31.5%
What does the angel say to the Shepherds?that
29.6%
What does the angel say to the Shepherds?all
27.8%
What does the angel say to the Shepherds?town
27.8%
What does the angel say to the Shepherds?people
25.9%
Titles/Names used for Jesus in John 1:1-12 and the Christmas narratives (Matt 1:18-2:12 and Luke 1:5-2:20)Immanuel
25.9%
Places mention in the Christmas story (Matt 1:18-2:12 and Luke 1:5-2:20)Roman World
24.1%
What does the angel say to the Shepherds?today
24.1%
People mention in the Christmas story (Matt 1:18-2:12 and Luke 1:5-2:20)Caesar Augustus
20.4%
People mention in the Christmas story (Matt 1:18-2:12 and Luke 1:5-2:20)Zechariah
18.5%
Places mention in the Christmas story (Matt 1:18-2:12 and Luke 1:5-2:20)Earth
18.5%
Places mention in the Christmas story (Matt 1:18-2:12 and Luke 1:5-2:20)Galilee
18.5%
Places mention in the Christmas story (Matt 1:18-2:12 and Luke 1:5-2:20)Israel
16.7%
Places mention in the Christmas story (Matt 1:18-2:12 and Luke 1:5-2:20)The East
14.8%
Places mention in the Christmas story (Matt 1:18-2:12 and Luke 1:5-2:20)Judah
13%
Titles/Names used for Jesus in John 1:1-12 and the Christmas narratives (Matt 1:18-2:12 and Luke 1:5-2:20)Son of the Most High
13%
People mention in the Christmas story (Matt 1:18-2:12 and Luke 1:5-2:20)The Holy Spirit
11.1%
People mention in the Christmas story (Matt 1:18-2:12 and Luke 1:5-2:20)Abraham
11.1%
What does the angel say to the Shepherds?cause
11.1%
People mention in the Christmas story (Matt 1:18-2:12 and Luke 1:5-2:20)Quirinius
9.3%
Titles/Names used for Jesus in John 1:1-12 and the Christmas narratives (Matt 1:18-2:12 and Luke 1:5-2:20)The Word
5.6%
People mention in the Christmas story (Matt 1:18-2:12 and Luke 1:5-2:20)Elijah
3.7%
Titles/Names used for Jesus in John 1:1-12 and the Christmas narratives (Matt 1:18-2:12 and Luke 1:5-2:20)The Light
3.7%
Remove Ads.
Support Sporcle.
Get the best of Sporcle when you Go Orange. This ad-free experience offers more features, more stats, and more fun while also helping to support Sporcle. Thank you for becoming a member.

You're not logged in!

Compare scores with friends on all Sporcle quizzes.
OR
Log In

Show Comments

Extras

Created Dec 20, 2018ReportNominate
Tags:Christmas Quiz

Top Quizzes Today


Score Distribution

Your Account Isn't Verified!

In order to create a playlist on Sporcle, you need to verify the email address you used during registration. Go to your Sporcle Settings to finish the process.

Report this User

Report this user for behavior that violates our Community Guidelines.

Details: